An outlook for Japan's industrial society towards the 21st century
Tallennettuna:
| Aineistotyyppi: | Kirja |
|---|---|
| Kieli: | Undetermined |
| Julkaistu: |
Japan
1986
|
| Aiheet: | |
| Tagit: |
Lisää tagi
Ei tageja, Lisää ensimmäinen tagi!
|
| Thư viện lưu trữ: | Trung tâm Học liệu Trường Đại học Cần Thơ |
|---|
| LEADER | 00424nam a2200157Ia 4500 | ||
|---|---|---|---|
| 001 | CTU_99688 | ||
| 008 | 210402s9999 xx 000 0 und d | ||
| 082 | |a 338 | ||
| 082 | |b O.93 | ||
| 245 | 3 | |a An outlook for Japan's industrial society towards the 21st century | |
| 260 | |a Japan | ||
| 260 | |c 1986 | ||
| 650 | |a Industry | ||
| 650 | |z Japan | ||
| 904 | |i Tuyến | ||
| 980 | |a Trung tâm Học liệu Trường Đại học Cần Thơ | ||